Logo CIB grande

GEOLOGIA DEL ECUADOR (Registro nro. 203560)

Detalles MARC
000 -LEADER
campo de control de longitud fija 00468nam a2200193Ia 4500
005 - FECHA Y HORA DE LA ÚLTIMA TRANSACCIÓN
campo de control 20250425161145.0
008 - DATOS DE LONGITUD FIJA--INFORMACIÓN GENERAL
campo de control de longitud fija 250425s9999 xx 000 0 und d
041 ## - CÓDIGO DE IDIOMA
Código de lengua del texto/banda sonora o título independiente spa
082 ## - NÚMERO DE LA CLASIFICACIÓN DECIMAL DEWEY
Número de clasificación 550.9866
010 ## - NÚMERO DE CONTROL DE LA BIBLIOTECA DEL CONGRESO
Número de control de LC 13973
100 ## - ENTRADA PRINCIPAL--NOMBRE DE PERSONA
Nombre de persona SAUER, WALTHER
245 #0 - MENCIÓN DEL TÍTULO
Título GEOLOGIA DEL ECUADOR
250 ## - MENCION DE EDICION
Mención de edición 1A ED.
260 ## - PUBLICACIÓN, DISTRIBUCIÓN, ETC.
Lugar de publicación, distribución, etc. Ecuador
Nombre del editor, distribuidor, etc. TALLERES GRAFICOS DEL MINISTERIO DE EDUCACION
Fecha de publicación, distribución, etc. 1965
260 ## - PUBLICACIÓN, DISTRIBUCIÓN, ETC.
Lugar de publicación, distribución, etc. QUITO
300 ## - DESCRIPCIÓN FÍSICA
Extensión 383
650 ## - PUNTO DE ACCESO ADICIONAL DE MATERIA--TÉRMINO DE MATERIA
Término de materia o nombre geográfico como elemento de entrada GEOLOGIA-ECUADOR
942 ## - ELEMENTOS DE ENTRADA SECUNDARIOS (KOHA)
Tipo de ítem Koha Libros
Existencias
Estatus retirado Estado de pérdida Estado de daño No para préstamo Biblioteca de origen Biblioteca actual Fecha de adquisición Coste, precio normal de compra Total de préstamos Código de barras Copia número Tipo de ítem Koha Etiqueta RFID Nota pública Visto por última vez Fecha del último préstamo Ubicación en estantería
        CENTRO DE INFORMACIÓN BIBLIOTECARIA CENTRO DE INFORMACIÓN BIBLIOTECARIA 10/01/2001 0.01   1873 2 Libros          
        CENTRO DE INFORMACIÓN BIBLIOTECARIA CENTRO DE INFORMACIÓN BIBLIOTECARIA 26/06/1998 0.01   1876 5 Libros 0000000000000000036363 ESPOL. FICT      
        CENTRO DE INFORMACIÓN BIBLIOTECARIA CENTRO DE INFORMACIÓN BIBLIOTECARIA 07/11/2002 0.01   1877 6 Libros          
        CENTRO DE INFORMACIÓN BIBLIOTECARIA CENTRO DE INFORMACIÓN BIBLIOTECARIA 10/06/2004 0.01 2 1973 8 Libros     15/12/2025 08/12/2025  
        CENTRO DE INFORMACIÓN BIBLIOTECARIA CENTRO DE INFORMACIÓN BIBLIOTECARIA 16/06/2004 0.01 1 1976 11 Libros 0000000000000000016520   02/12/2025 26/11/2025  

Copyright 2025 ESPOL. Todos los derechos reservados.